| 000 | 00328nam a2200121Ia 4500 | ||
|---|---|---|---|
| 008 | 150202s9999 xx 000 0 und d | ||
| 050 |
_aFIC _bFIC |
||
| 100 | _aGeorge, Judith St. | ||
| 245 |
_aHaunted / _cJudith St. George |
||
| 260 |
_aNew York : _bBantam Books, _c1982. |
||
| 300 |
_a158 pages : _c18 cm. |
||
| 650 | _aFiction. | ||
| 999 |
_c282444 _d282444 |
||